000 00625cam a2200205 a 4500
020 _a0471588229
020 _a0471594156 (International ed.)
040 _cDLC
082 0 0 _a611 USA 1993 C161 Or.
100 1 _aRothwell, Norman V
245 1 0 _aUnderstanding genetics :
_ba molecular approach /
260 _aNew York :
_bWiley-Liss,
_cc1993
300 _axvi, 656 p. :
_bill. (some col.) ;
_c27 cm
650 0 _aHuman molecular genetics
650 0 _aHuman genetics
650 1 2 _aGenetics, Biochemical
650 2 2 _aMolecular Biology
856 4 _uhttp://www.loc.gov/catdir/toc/onix04/92036402.html
942 _cAEDBB
999 _c19275
_d19275